|
|
|
|
| LEADER |
01203nam a2200325 a 4500 |
| 001 |
c000184748 |
| 003 |
CARM |
| 005 |
19940308000000.0 |
| 008 |
730918s1972 cs a b 000 0 eng |
| 010 |
|
|
|a 73168888 //r932
|
| 015 |
|
|
|a Cz***
|
| 019 |
1 |
|
|a 395361
|5 LACONCORD2021
|
| 035 |
|
|
|a (OCoLC)714749
|5 LACONCORD2021
|
| 040 |
|
|
|a LC
|b eng
|c LC
|d ABN-SNR
|
| 041 |
1 |
|
|a engcze
|
| 043 |
|
|
|a e-cs---
|
| 050 |
0 |
0 |
|a QE772
|b .H3512
|
| 082 |
0 |
0 |
|a 563/.1
|
| 100 |
1 |
|
|a Hanzlíková, Eva.
|
| 245 |
1 |
0 |
|a Carpathian Upper Cretaceous foraminiferida of Moravia (Turonian-Maastrichtian).
|c [Translated by Helena Zárubová].
|
| 260 |
|
|
|a Praha,
|b Vydal Ústřední ústav geologický,
|c 1972.
|
| 300 |
|
|
|a 160 p.
|b illus.
|c 30 cm.
|
| 440 |
|
0 |
|a Rozpravy Ústředního ústavu geologického ;
|v sv. 39.
|
| 504 |
|
|
|a Bibliography: p. 137-152.
|
| 650 |
|
0 |
|a Foraminifera, Fossil.
|
| 650 |
|
0 |
|a Paleontology
|y Cretaceous.
|
| 650 |
|
0 |
|a Paleontology
|z Czech Republic
|z Moravia.
|
| 852 |
8 |
|
|b CARM
|h A1:AR12F0
|i D07859
|p 0250236
|f BK
|
| 999 |
f |
f |
|i 23591f6a-bddb-5fe4-b9ac-b99b0c6bd831
|s 23751caf-3178-5eea-8aa5-cf050c401b1a
|
| 952 |
f |
f |
|p Can circulate
|a CAVAL
|b CAVAL
|c CAVAL
|d CARM 1 Store
|e D07859
|f A1:AR12F0
|h Other scheme
|i book
|m 0250236
|